000 00425nam a2200157Ia 4500
005 20250428014900.0
008 240331s9999 xx 000 0 und d
020 _a9555512361
082 _bMAH
_a891
100 _aMahingoda,P
245 0 _a, Ann 1Ann 2 :
_barabe gedara ann
260 _aColombo
_bDayawansa Jayakody & Company
_c1925
300 _a352 p ., ( P-1)
500 _aTranslation of Anne of Green gable
942 _cL
999 _c5612
_d5612